Herminio Escorcio (uma vida de dedicacao a politica e ao Desporto ) (Record no. 2159)
[ view plain ]
| 000 -Etiqueta do registo | |
|---|---|
| Campo de controlo de comprimento fixo | 00368 a2200145 4500 |
| 020 ## - ISBN (NÚMERO DE LIVRO PADRÃO INTERNACIONAL) | |
| ISBN | 978-989-33-5633-3 |
| 040 ## - Fonte de Catalogação | |
| Agência de catalogação | Biblioteca Geral- Universidade Lusíada de Angola |
| 082 ## - DEWEY DECIMAL CLASSIFICATION NUMBER | |
| Número de classificação | 9(1) |
| Classificador- CDU | 32 |
| 100 ## - Nome Pessoal | |
| 9 (RLIN) | 963 |
| Autor | CANDEMBO ,Silva |
| 245 ## - Declaração de Título | |
| Título | Herminio Escorcio (uma vida de dedicacao a politica e ao Desporto ) |
| 260 ## - Publicação e Destribuíção | |
| Local de edição/distribuição | Luanda , |
| Editor/distribuidor | Livros APL |
| Data de edição/distribuição | 2024. |
| 300 ## - Descrição Física | |
| Nº Pág. | 221p |
| 650 ## - MATERIA | |
| MATERIA | Politica |
| 942 ## - - Elementos de entrada adicionados (koha) | |
| Tipo de documento | Livros |
| Withdrawn status | Lost status | Source of classification or shelving scheme | Damaged status | Not for loan | Permanent Location | Current Location | Date acquired | Inventory number | Total Checkouts | Full call number | Barcode | Date last seen | Price effective from | Koha item type |
|---|---|---|---|---|---|---|---|---|---|---|---|---|---|---|
| Dewey Decimal Classification | Biblioteca Geral- Universidade Lusíada de Angola | Biblioteca Geral- Universidade Lusíada de Angola | 05/01/2026 | 9 (1) | 32 | 2026-0002 | 05/01/2026 | 05/01/2026 | Livros |
